Neonatal and pediatric respiratory care / (Record no. 2429)
[ view plain ]
| 000 -LEADER | |
|---|---|
| fixed length control field | 01807cam a2200301 i 4500 |
| 008 - FIXED-LENGTH DATA ELEMENTS--GENERAL INFORMATION | |
| fixed length control field | 200108s2019 moua b 001 0 eng c |
| 020 ## - INTERNATIONAL STANDARD BOOK NUMBER | |
| ISBN | 9780323479479 |
| 020 ## - INTERNATIONAL STANDARD BOOK NUMBER | |
| ISBN | 0323479472 |
| 245 10 - TITLE STATEMENT | |
| Title | Neonatal and pediatric respiratory care / |
| Statement of responsibility, etc | Brian K. Walsh, Phd, RRT, RRT-NPS, FAARC, Professor, Health Professions, Director, Respiratory Theraphy, School of Health Sciences, Liberty University, Lynchburg, Virginia. |
| 250 ## - EDITION STATEMENT | |
| Edition statement | Fifth edition. |
| 260 ## - PUBLICATION, DISTRIBUTION, ETC. (IMPRINT) | |
| Place of publication | Missouri |
| Name of publisher | Elsevier Ltd |
| Date of publication | 2019 |
| 300 ## - COLLATION | |
| Pagination | xiii, 718 pages : |
| Other physical details | illustrations (some color) ; |
| 520 ## - SUMMARY, ETC. | |
| Summary, etc | Learn to improve the respiratory care of neonates, infants, and children. Neonatal and Pediatric Respiratory Care, 5th Edition gives you a solid foundation in the assessment and treatment of respiratory disorders. Clear, full-color coverage simplifies the principles of respiratory care while emphasizing clinical application. A critical piece in respiratory care's total curriculum solution, this new edition includes all the changes in current clinical practice and in the education environment. Learning objectives at the beginning of each chapter break down key content into measurable behaviors, criteria, and conditions, and self-assessment questions provide an excellent review for the NBRC Neonatal/Pediatric Specialty exam. |
| 650 #0 - TRACINGS | |
| Main Subject | Pediatric respiratory diseases. |
| 650 #0 - TRACINGS | |
| Main Subject | Perinatology. |
| 650 12 - TRACINGS | |
| Main Subject | Respiratory Tract Diseases |
| Subdivision (2nd) | therapy. |
| 650 22 - TRACINGS | |
| Main Subject | Infant, Newborn. |
| 650 22 - TRACINGS | |
| Main Subject | Child. |
| 650 22 - TRACINGS | |
| Main Subject | Respiratory Tract Diseases |
| Subdivision (2nd) | diagnosis. |
| 650 22 - TRACINGS | |
| Main Subject | Respiratory Therapy |
| Subdivision (2nd) | methods. |
| 650 22 - TRACINGS | |
| Main Subject | Fetal Development |
| Subdivision (2nd) | physiology. |
| 650 #7 - TRACINGS | |
| Main Subject | Pediatric respiratory diseases. |
| 650 #7 - TRACINGS | |
| Main Subject | Perinatology. |
| 700 1# - ADDITIONAL AUTHOR | |
| Additional Author | Walsh, Brian K., |
| 942 ## - ADDED ENTRY ELEMENTS (KOHA) | |
| Item type | Books |
| 050 00 - LIBRARY OF CONGRESS CALL NUMBER | |
| Classification number | RJ431 |
| Item number | .P47 2019 |
| 082 00 - DEWEY DECIMAL CLASSIFICATION NUMBER | |
| Classification number | 618.92/2 |
| Source of classification or shelving scheme | Not for loan | Permanent location | Current location | Date acquired | Accession No. | Full call number | Barcode. | Koha item type |
|---|---|---|---|---|---|---|---|---|
| Library of Congress Classification | Medical Library | Medical Library | 03/18/2025 | 2024/64141 | RJ431.P47 | 2025-0694 | Books |